01839nam a2200289 a 450000100100000000500170001000800410002702000150006804000250008308200300010811000330013824000180017124505300018924600150071926000440073430000210077859000260079965000620082565000580088765000550094571000900100091000370109095201280112795201340125595201430138999900170153200004838220201002061119.0110222s2018 dr 000 0 spa d 89945585438 aDO-SdBNPbspacBNPHU a346.72930135bR426c, 20182 aRepública Dominicana.944710a[Leyes, etc.]10aCódigo para el sistema de protección y los derechos fundamentales de niños, niñas y adolescentes ley núm. 136-03 :bLey núm. 106-13, con las modificaciones de la Ley núm.52-07, del 23 de abril de 2007, sobre pensión alimenticia y jurisprudencia en esa materia , que modifica los artículos números :174, 176, 178, 181, 187, 192, 194, 195, 197 y 198 ; y la Ley núm. 106-13, del 8 de agosto de 2013, que modifica los artículos 223, 224, 279, 291, 296, 339, 340 ; y suprime el artículo 350 de dicha ley.13aLey 136-03 aSanto Domingo :bPoder Judicial,c2018. a218 p. ;c22 cm. aInventariado, 2019/VM 4aNiñosxSituación legalzRepública Dominicana964438 4aMenoresxLegislaciónzRepública Dominicana949527 4aDerechos del niñozRepública Dominicana9495261 aRepública Dominicana. Dirección de Familia, Niñez, Adoscencia y Género975794 aValidado. Control de calidad MFF 0010718PDaPDbPDcHDd2019-02-18iLF1l0o346.72930135 R426c, 2018p48382-10r2020-06-25w2020-06-25yLFPDZNo se presta 0010718PDaPDbPDcHDd2019-02-18iLF1l0o346.72930135 R426c, 2018p48382-20r2020-06-25te. 2w2020-06-25yLFPDZNo se presta 001054708DSaPDbPDcHDd2019-02-18iLF1l0o346.72930135 R426c, 2018p48382-30r2020-06-25te. 3w2020-06-25yLFDSZPréstamo en sala c47870d47870